|
|
|
|
| LEADER |
00000nab a2200000 4500 |
| 001 |
vtls011896914 |
| 003 |
SK-MaSNL |
| 005 |
20260318132822.0 |
| 008 |
191029|2019 xo |||| || ||00 0|hun |
| 015 |
|
|
|a SNBRB2019/03
|
| 040 |
|
|
|a DSZK
|b slo
|c DSZK
|e rda
|
| 041 |
|
|
|a hun
|a slo
|
| 043 |
|
|
|a e-xo---
|
| 044 |
|
|
|a xo
|c SK
|
| 072 |
|
7 |
|a 373.2/.3
|x Predškolská a primárna výchova a vzdelávanie
|2 konspekt
|
| 080 |
|
|
|a 373.3
|x (=511.141)
|x (437.6)
|2 2001
|
| 100 |
1 |
|
|a Bugár, Gabriella
|4 aut
|9 1194851
|
| 245 |
1 |
0 |
|a Korszerűsítették a Corvin Mátyás Alapiskola számítástechnikai szaktantermét
|c Bugár Gabriella
|
| 300 |
|
|
|b Fotografie
|
| 336 |
|
|
|a text
|b txt
|2 rdacontent
|
| 337 |
|
|
|a bez média
|b n
|2 rdamedia
|
| 338 |
|
|
|a zväzok
|b nc
|2 rdacarrier
|
| 546 |
|
|
|a Dvojjazyčné vydanie
|
| 610 |
2 |
7 |
|a Základná škola Mateja Korvína s vyučovacím jazykom maďarským (Šamorín, Slovensko)
|2 dszk
|9 1194116
|
| 650 |
0 |
7 |
|a učebne
|2 dszk
|9 930841
|
| 651 |
|
7 |
|a Šamorín (Slovensko)
|2 SNKPHgeo
|9 28925
|
| 773 |
0 |
|
|t Somorja és vidéke = Šamorín a okolie
|g Évf. XXIX, sz. 3 (2019), o. 4
|x 1338-9068
|
| 852 |
|
|
|a DSZK
|b KIS3GCP
|
| 958 |
|
|
|a SK
|
| 958 |
|
|
|a HU
|
| 958 |
|
|
|a RG
|
| 999 |
|
|
|c 2079331
|d 2081261
|